| 000 | 00317nam a22001217a 4500 | ||
|---|---|---|---|
| 008 | 230605b xxu||||| |||| 00| 0 eng d | ||
| 082 |
_a320.9171241 _bCOM |
||
| 100 |
_cTaylor and Francis _d2016 |
||
| 245 | _aCommonwealth and Comparative Politics | ||
| 260 |
_aUK _bTaylor and Francis |
||
| 300 | _a146 p | ||
| 942 |
_2ddc _cBK |
||
| 999 |
_c227 _d227 |
||